[Event "Vojvodina-chT2"]
[Site "Vrbas"]
[Date "2011.09.29"]
[Round "7"]
[White "Milovic, Nikola"]
[Black "Strangar, Zlatko"]
[Result "0-1"]
[WhiteElo "1967"]
[BlackElo "2203"]
[PlyCount "66"]
[EventDate "2011.09.25"]
[EventType "team-tourn"]
[EventRounds "11"]
[EventCountry "SRB"]
[SourceTitle "CBM 144 Extra"]
[Source "ChessBase"]
[SourceDate "2011.10.28"]
[SourceVersion "1"]
[SourceVersionDate "2011.10.28"]
[SourceQuality "1"]

1. Nf3 Nf6 2. c4 g6 3. Nc3 Bg7 4. e4 d6 5. d4 0-0 6. Be2 Nbd7 7. 0-0 e5 8. Be3 Re8 9. d5 Nh5 10. Re1 Bf8 11. b4 Be7 12. Nd2 Ng7 13. Nb3 Bg5 14. Qd2 Bxe3 15. Qxe3 f5 16. f3 h5 17. Qf2 h4 18. c5 Nf8 19. Rac1 Re7 20. a4 g5 21. Nd2 Ne8 22. Nc4 Rg7 23. cxd6 cxd6 24. Nb5 g4 25. Nxa7 g3 26. hxg3 hxg3 27. Qe3 Rxa7 28. Qxa7 Qh4 29. Qe3 Ng6 30. Kf1 Nf4 31. Qg1 Nxg2 32. Ne3 Nxe3+ 33. Qxe3 Qh1+ 0-1

[Event "Vojvodina-chT 2nd League"]
[Site "Sombor"]
[Date "2010.10.11"]
[Round "2"]
[White "Sevo, Dusan"]
[Black "Milovic, Nikola"]
[Result "0-1"]
[WhiteElo "2269"]
[BlackElo "1945"]
[PlyCount "73"]
[EventDate "2010.10.10"]
[EventType "team-tourn"]
[EventRounds "9"]
[EventCountry "YUG"]
[SourceTitle "CBM 138 Extra"]
[Source "ChessBase"]
[SourceDate "2010.10.29"]
[SourceVersion "1"]
[SourceVersionDate "2010.10.29"]
[SourceQuality "1"]

1. e4 e5 2. Nf3 Nc6 3. Bb5 a6 4. Ba4 Nf6 5. d3 d6 6. c3 g6 7. 0-0 Bg7 8. Re1 0-0 9. h3 Re8 10. Nbd2 h6 11. Nf1 b5 12. Bc2 d5 13. exd5 Nxd5 14. a4 b4 15. c4 Nde7 16. a5 Nf5 17. Ba4 Bb7 18. Ne3 Nxe3 19. Bxe3 e4 20. dxe4 Bxb2 21. Ra2 Bc3 22. Bd2 Qd3 23. Bxc3 Qxc3 24. Re3 Qf6 25. Qe1 Qe7 26. e5 Qc5 27. e6 f6 28. Qa1 Kg7 29. Nd2 Re7 30. Ne4 Qd4 31. Qxd4 Nxd4 32. Nc5 Bc6 33. Bd1 f5 34. Rb2 Kf6 35. Rxb4 Nxe6 36. Nxe6 Rxe6 37. Rxe6+ 0-1

[Event "Novi Sad Januar"]
[Site "Novi Sad"]
[Date "2009.01.11"]
[Round "4"]
[White "Stojadinov, Svetlana"]
[Black "Milovic, Nikola"]
[Result "1-0"]
[WhiteElo "1741"]
[BlackElo "2004"]
[PlyCount "137"]
[EventDate "2009.01.10"]
[EventType "swiss"]
[EventRounds "5"]
[EventCountry "SRB"]
[SourceTitle "EXT 2019"]
[Source "ChessBase"]
[SourceDate "2018.10.10"]
[SourceVersion "1"]
[SourceVersionDate "2018.10.10"]
[SourceQuality "1"]

1. e4 e5 2. Nf3 Nf6 3. Nxe5 d6 4. Nf3 Nxe4 5. Qe2 Qe7 6. d3 Nf6 7. Bg5 Nbd7 8. d4 h6 9. Bh4 d5 10. Nbd2 g5 11. Qxe7+ Bxe7 12. Bg3 c6 13. Bd3 Nf8 14. Ne5 Be6 15. h3 0-0-0 16. Bh2 N6d7 17. f4 f6 18. Nef3 f5 19. 0-0-0 Ng6 20. Rde1 Ndf8 21. fxg5 hxg5 22. Ne5 Nxe5 23. Bxe5 Rg8 24. Rhf1 f4 25. Nb3 Re8 26. Nc5 Bxc5 27. dxc5 Ng6 28. Bf6 Nh4 29. Rf2 Bd7 30. Rxe8+ Bxe8 31. Bh7 Rf8 32. Bxg5 Ng6 33. h4 Kd7 34. h5 Nh8 35. h6 Ng6 36. Bxg6 Bxg6 37. Rxf4 Rxf4 38. Bxf4 Ke6 39. Kd2 Kf5 40. Bb8 a6 41. Ke3 Kg5 42. Bf4+ Kf5 43. c3 Kg4 44. g3 Kf5 45. Kd4 Ke6 46. c4 dxc4 47. Kxc4 Bh7 48. Kb4 Kd7 49. Ka5 Bg6 50. Kb4 Bh7 51. Kc4 Ke6 52. Kd4 Bg6 53. Ke3 Bh7 54. Kf3 Bg6 55. Kg4 Kf6 56. Bd2 Bh7 57. Bc3+ Kf7 58. Kg5 Be4 59. Kf4 Bh7 60. Ke5 Bd3 61. Kd6 Kg6 62. Bd2 a5 63. a4 Bc4 64. Kc7 Ba6 65. g4 Kh7 66. g5 Kg6 67. Bxa5 Kf7 68. b4 Kg6 69. Kb6 1-0

[Event "Novi Sad Januar"]
[Site "Novi Sad"]
[Date "2009.01.10"]
[Round "1"]
[White "Milovic, Nikola"]
[Black "Ivanovic, Nikola"]
[Result "0-1"]
[WhiteElo "2004"]
[BlackElo "2224"]
[PlyCount "58"]
[EventDate "2009.01.10"]
[EventType "swiss"]
[EventRounds "5"]
[EventCountry "SRB"]
[SourceTitle "EXT 2019"]
[Source "ChessBase"]
[SourceDate "2018.10.10"]
[SourceVersion "1"]
[SourceVersionDate "2018.10.10"]
[SourceQuality "1"]

1. Nf3 Nf6 2. c4 g6 3. Nc3 Bg7 4. e4 d6 5. d4 0-0 6. Be2 e5 7. 0-0 exd4 8. Nxd4 Re8 9. f3 Nc6 10. Be3 Nh5 11. Nd5 f5 12. Nb5 fxe4 13. fxe4 Rxe4 14. Bxh5 gxh5 15. Qxh5 Bg4 16. Qf7+ Kh8 17. Nbxc7 Rc8 18. Rf4 Ne5 19. Qe8+ Qxe8 20. Nxe8 Rxf4 21. Nxd6 Rfxc4 22. Nxc8 Rxc8 23. Bxa7 Nd3 24. Ne3 Bxb2 25. Rb1 Be6 26. Rxb2 Rc1+ 27. Nf1 Nxb2 28. Bd4+ Kg8 29. Bxb2 Rb1 0-1

[Event "Novi Sad Januar"]
[Site "Novi Sad"]
[Date "2009.01.10"]
[Round "3"]
[White "Milovic, Nikola"]
[Black "Maljevic, Aleksa"]
[Result "1-0"]
[WhiteElo "2004"]
[BlackElo "1713"]
[PlyCount "103"]
[EventDate "2009.01.10"]
[EventType "swiss"]
[EventRounds "5"]
[EventCountry "SRB"]
[SourceTitle "EXT 2019"]
[Source "ChessBase"]
[SourceDate "2018.10.10"]
[SourceVersion "1"]
[SourceVersionDate "2018.10.10"]
[SourceQuality "1"]

1. Nf3 Nc6 2. d4 d5 3. c4 e6 4. g3 Nf6 5. Bg2 Bb4+ 6. Bd2 Bxd2+ 7. Nbxd2 0-0 8. 0-0 b6 9. a3 Bb7 10. Rc1 Qd7 11. e3 dxc4 12. Nxc4 Ba6 13. Re1 Bb7 14. Qc2 Rac8 15. Nce5 Nxe5 16. Nxe5 Qe7 17. Bxb7 Rce8 18. Qxc7 Qd8 19. Qxd8 Rxd8 20. Rc7 h6 21. Rec1 Rb8 22. Ba6 b5 23. Rc8 Rb6 24. Rxf8+ Kxf8 25. Rc6 Ke7 26. Rxb6 axb6 27. Bxb5 Nd5 28. Bc4 Nc7 29. Kg2 f6 30. Nd3 Kd6 31. b4 b5 32. Bb3 e5 33. dxe5+ fxe5 34. a4 bxa4 35. Bxa4 Kd5 36. Bb3+ Kd6 37. Kf3 Nb5 38. Bc4 Nc3 39. b5 e4+ 40. Kf4 exd3 41. Bxd3 Nd5+ 42. Kg4 Ke7 43. Kf5 Nb6 44. Kg6 Kf8 45. e4 Nd7 46. f4 Nc5 47. b6 Nd7 48. b7 Nb8 49. Bb5 Ke7 50. Kxg7 Ke6 51. Kxh6 Kd6 52. e5+ 1-0